Rahsia panjang umur dalam islam
| Main Author: | |
|---|---|
| Other Authors: | |
| Format: | Book |
| Published: |
Selangor :
Pustaka Ilmi ,
2000
|
| Subjects: |
MARC
| LEADER | 00000cam a2200000 7i4500 | ||
|---|---|---|---|
| 001 | 0000013634 | ||
| 005 | 20080118.0 | ||
| 008 | 180108 | ||
| 020 | |a 9830980405 | ||
| 090 | 0 | 0 | |a 297.5 |b NAI |
| 100 | 1 | |a Muhammad Ibrahim Al Na'im | |
| 245 | 1 | 0 | |a Rahsia panjang umur dalam islam |c Muhammad Ibrahim Al Na'im |
| 260 | |a Selangor : |b Pustaka Ilmi , |c 2000 | ||
| 650 | 0 | |a Islam |x Doctrines | |
| 700 | 1 | |a Mohd Sofwan Amrullah | |
| 999 | |a 0001008787 |b Book |c Adult Collection |e Perbadanan Perpustakaan Awam Johor | ||
| 999 | |a 0001008788 |b Book |c Adult Collection |e Perbadanan Perpustakaan Awam Johor | ||